000 00688nas a2200229 4500
001 BR7305933
003 BR-BrBNA
005 20231205082546.0
007 ta
008 230509b bl.|||p| |||| 00| 00por d
040 _aBR-BrBNA
_bpor
_cBiblioteca Nacional de Agricultura
041 _a(Pt)
072 _aL74; F00
100 1 _aAnon.
245 1 _aO capim braquiaria e o problema da fotossensibilizacao [Brachiaria decumbens]
650 _aDISTURBIO ANIMAL
650 _aCAPIM BRACHIARIA
650 _aFOTOSSENSIBILIDADE
773 0 _tCerrado (Brazil)
_xISSN 0100-0578
_g(Dec 1976), v. 8(34) p. 15-16
_wBR7305933
909 _a202311
_bLúcia
_c55
_dLúcia Elande
942 _2AGRIS
_n0
_cANA
999 _c92787
_d92787